000
00221nam a2200097Ia 4500
008
170619s9999 xx 000 0 und d
100
_a
Narayana
245
0
_a
Strength of Materials
260
_b
Dhanpat Rai Pub.
260
_c
2002
546
_a
ENGLISH
999
_c
16522
_d
16522